000
00273nam a22001217a 4500
082
_a
916.891 VAN
100
_a
Vambe, L
245
_a
An ill-fated people
260
_a
Londan
_b
Henemann
_c
1972
300
_a
xxiv, 254p.
_b
24cm
650
_a
An ill-fated people
942
_c
BK
999
_c
18206
_d
18206